| 000 | 00674nam a2200217 a 4500 | ||
|---|---|---|---|
| 001 | 000035456 | ||
| 005 | 20200930074345.0 | ||
| 008 | 111101s1993 sp 000 0 spa d | ||
| 020 | _a8440641303 | ||
| 040 |
_aDO-SdBNP _bspa _cBNPHU |
||
| 082 |
_a813.5 _bE47c |
||
| 100 | 1 |
_aEllroy, James _961306 |
|
| 240 | 1 | 0 | _aSuicide Hill |
| 245 | 1 | 3 |
_aLa colina de los suicidios / _cJames Ellroy ; traducción Rafael Marín Trechera. |
| 260 |
_aBarcelona, : _bEdiciones B, _c1993. |
||
| 300 |
_a459 p. ; _c18 cm. |
||
| 490 | 1 |
_aGrupo zeta ; _v29/5 |
|
| 650 | 4 |
_aNovela estadounidense _9262 |
|
| 700 | 1 |
_aMarín Trechera, Rafael, _etraductor _961307 |
|
| 830 | 0 |
_aGrupo zeta _n29/5 _961308 |
|
| 999 |
_c34947 _d34947 |
||